LEADER 01684nam 2200373 n 450 001 996392987303316 005 20200824120713.0 035 $a(CKB)1000000000681624 035 $aS123638 035 $a(EEBO)2264197515 035 $a(UnM)ocm99891679e 035 $a(UnM)99891679 035 $a(EXLCZ)991000000000681624 100 $a19911011d1549 uh 101 0 $aeng 135 $aurbn||||a|bb| 200 12$aA proclamacion, set furth by the body and state, of the K[ynges Maie]iests [sic] priuey Counsayle, concernyng the deuisers, writers, and casters abro[de, of certain] vile, slaunderous, and moste trayterous letters, billes, scrowes, and pap[ers, ten]dyng to the seducement of the kynges maiesties good & louyng subie[ctes]$b[electronic resource] 210 $a[London] $cR. Grafton Regij impressor excudebat$d[1549] 215 $a1 sheet ([1] p.) 300 $aInitial. 300 $aPublication date from text. 300 $aSteele notation: do and lor-. 300 $aImperfect: torn at right, with loss of text. 300 $aReproduction of original in the British Library. 330 $aeebo-0018 701 $aEdward$cKing of England,$f1537-1553.$01002269 801 0$bCu-RivES 801 1$bCu-RivES 801 2$bCStRLIN 801 2$bCu-RivES 906 $aBOOK 912 $a996392987303316 996 $aA proclamacion, set furth by the body and state, of the Kiests sic priuey Counsayle, concernyng the deuisers, writers, and casters abrode, of certain vile, slaunderous, and moste trayterous letters, billes, scrowes, and papers, tendyng to the seducement of the kynges maiesties good & louyng subiectes$92365386 997 $aUNISA LEADER 01970oam 2200481I 450 001 9910708617303321 005 20170426105548.0 035 $a(CKB)5470000002471057 035 $a(OCoLC)983205946 035 $a(OCoLC)995470000002471057 035 $a(EXLCZ)995470000002471057 100 $a20170420d2017 ua 0 101 0 $aeng 135 $aurmn||||||||| 181 $ctxt$2rdacontent 182 $cc$2rdamedia 183 $acr$2rdacarrier 200 10$aEmergency department visits for injury and illness among adults aged 65 and over : United States, 2012-2013 /$fby Michael Albert, Pinyao Rui, and Linda F. McCaig 210 1$aHyattsville, MD :$cU.S. Department of Health and Human Services, Centers for Disease Control and Prevention, National Center for Health Statistics,$d2017. 215 $a1 online resource (7 pages) $ccolor illustrations 225 1 $aNCHS data brief ;$vno. 272 225 1 $aDHHS publication ;$vno. 2017-1209 300 $a"February 2017." 320 $aIncludes bibliographical references (page 7). 517 $aEmergency department visits for injury and illness among adults aged 65 and over 606 $aHospitals$xEmergency services$zUnited States$vStatistics 606 $aOlder people$xHospital care$zUnited States$vStatistics 606 $aHospitals$xEmergency services$xUtilization$zUnited States 608 $aStatistics.$2lcgft 615 0$aHospitals$xEmergency services 615 0$aOlder people$xHospital care 615 0$aHospitals$xEmergency services$xUtilization 700 $aAlbert$b Michael$0375892 702 $aRui$b Pinyao 702 $aMcCaig$b Linda F. 712 02$aNational Center for Health Statistics (U.S.), 801 0$bGPO 801 1$bGPO 801 2$bGPO 906 $aBOOK 912 $a9910708617303321 996 $aEmergency department visits for injury and illness among adults aged 65 and over : United States, 2012-2013$93466458 997 $aUNINA